नयी रोशनी / (Record no. 115134)

MARC details
000 -LEADER
fixed length control field 01007nam a22002537a 4500
005 - DATE AND TIME OF LATEST TRANSACTION
control field 20170124103019.0
010 ## - LIBRARY OF CONGRESS CONTROL NUMBER
LC control number A-768945
020 ## - INTERNATIONAL STANDARD BOOK NUMBER
Terms of availability 70.00
035 ## - SYSTEM CONTROL NUMBER
System control number A-768945
037 ## - SOURCE OF ACQUISITION
Source of stock number/acquisition Cen Lib/Ret
040 ## - CATALOGING SOURCE
Original cataloging agency DPL
Language of cataloging HN
082 ## - DEWEY DECIMAL CLASSIFICATION NUMBER
Classification number
Item number गुप्तह
100 ## - MAIN ENTRY--PERSONAL NAME
Personal name गुप्त, हरी कृष्ण दास
9 (RLIN) 60037
245 ## - TITLE STATEMENT
Title नयी रोशनी /
Statement of responsibility, etc हरी कृष्ण दास गुप्त
246 ## - VARYING FORM OF TITLE
Title proper/short title Nayi roshni /
Remainder of title by Hari Krishna Das Gupt
260 ## - PUBLICATION, DISTRIBUTION, ETC. (IMPRINT)
Place of publication, distribution, etc दिल्ली
Name of publisher, distributor, etc सुन्दर साहित्य सदन
Date of publication, distribution, etc 1995
270 ## - ADDRESS
City दिल्ली
Postal code 110006
Address 882, गली बेरीवाला, बाज़ार सीता राम
300 ## - PHYSICAL DESCRIPTION
Extent 144पृ.
Dimensions 17सेमी (सजिल्द)
650 ## - SUBJECT ADDED ENTRY--TOPICAL TERM
Topical term or geographic name as entry element हिन्दी साहित्य
9 (RLIN) 60038
650 ## - SUBJECT ADDED ENTRY--TOPICAL TERM
Topical term or geographic name as entry element उपन्यास
9 (RLIN) 60039
650 ## - SUBJECT ADDED ENTRY--TOPICAL TERM
Topical term or geographic name as entry element Hindi literature
9 (RLIN) 60040
650 ## - SUBJECT ADDED ENTRY--TOPICAL TERM
Topical term or geographic name as entry element Fiction
9 (RLIN) 8901
942 ## - ADDED ENTRY ELEMENTS (KOHA)
Source of classification or shelving scheme Dewey Decimal Classification
Koha item type Hindi Books
Classification part
Call number suffix गुप्तह
Holdings
Withdrawn status Lost status Damaged status Not for loan Home library Current library Date acquired Source of acquisition Cost, normal purchase price Total Checkouts Full call number Barcode Date last seen Copy number Cost, replacement price Price effective from Koha item type Public note
Written off       Central Library Central Library 19/08/2015 Cen Lib/Ret 70.00   उ गुप्तह A-768945 19/08/2015 1 70.00 19/08/2015 Hindi Books Written off on approval by DLB (By Circulation); dtd 15-06-2023

© Delhi Public Library
Hit Counter
free hit counter